Loading...
| History - Other | 1 | 5 | 1 | 1 | 60 | 63 | 118.67 | 1 | 2 | 0.00 | 0.00 |
| History - European | 1 | 4 | 0 | 2 | 55 | 40 | 128.20 | 1 | 1 | 0.00 | 0.00 |
| Religion | 1 | 3 | 2 | 1 | 35 | 48 | 123.50 | 1 | 1 | 0.00 | 0.00 |
| Literature - European | 0 | 3 | 0 | 0 | 30 | 124 | 135.33 | 0 | 1 | 0.00 | 0.00 |
| Science - Biology | 0 | 3 | 0 | 0 | 30 | 88 | 122.00 | 0 | 2 | 0.00 | 0.00 |
| Fine Arts - Painting and Sculpture | 0 | 3 | 0 | 1 | 30 | 116 | 129.67 | 0 | 0 | 0.00 | 0.00 |
| Mythology | 0 | 3 | 1 | 1 | 25 | 131 | 152.67 | 0 | 0 | 0.00 | 0.00 |
| History - American | 0 | 3 | 2 | 0 | 20 | 103 | 112.33 | 0 | 1 | 0.00 | 0.00 |
| History - World | 1 | 2 | 3 | 0 | 20 | 73 | 103.00 | 0 | 0 | 0.00 | 0.00 |
| Other Culture | 0 | 2 | 0 | 0 | 20 | 111 | 115.50 | 0 | 0 | 0.00 | 0.00 |
| Social Science | 0 | 2 | 1 | 0 | 15 | 112 | 126.00 | 0 | 0 | 0.00 | 0.00 |
| Fine Arts - Classical Music and Opera | 0 | 1 | 0 | 0 | 10 | 130 | 130.00 | 0 | 0 | 0.00 | 0.00 |
| Modern World | 0 | 1 | 0 | 1 | 10 | 132 | 132.00 | 0 | 0 | 0.00 | 0.00 |
| Literature - British | 0 | 2 | 2 | 0 | 10 | 138 | 141.00 | 0 | 0 | 0.00 | 0.00 |
| Other Academic | 0 | 1 | 0 | 0 | 10 | 95 | 95.00 | 0 | 0 | 0.00 | 0.00 |
| Science - Chemistry | 0 | 1 | 0 | 1 | 10 | 132 | 132.00 | 0 | 0 | 0.00 | 0.00 |
| Literature - World | 0 | 1 | 0 | 0 | 10 | 157 | 157.00 | 0 | 0 | 0.00 | 0.00 |
| Philosophy | 0 | 1 | 0 | 0 | 10 | 148 | 148.00 | 0 | 0 | 0.00 | 0.00 |
| Fine Arts - Other Arts | 0 | 2 | 2 | 0 | 10 | 118 | 136.00 | 0 | 1 | 0.00 | 0.00 |
| Geography | 0 | 1 | 1 | 1 | 5 | 149 | 149.00 | 0 | 0 | 0.00 | 0.00 |
| Literature - American | 0 | 0 | 1 | 0 | -5 | 0.00 | 0 | 0 | 0.00 | 0.00 |